000 01293nam a2200325 c 4500
003 BLK
005 20180420221043.0
008 180408b bul|||||r ||||||| ||bul||
010 _aKNG00041377000
020 _a978-954-493-015-8
_bиздат.: Праксис
040 _aBLK
041 _aBUL
_cBUL
072 7 _2bullib
_aН8400
_xБългарска поезия Н
080 _aБългарска литература
_b821.163.2
_x-13
_z821.163.2-13
100 1 _aБадев, Бойко Йорданов
_eпърви автор
_9276028
139 _aБадев, Бойко Йорданов
_bБ 13
245 1 0 _aЕпически поеми
_cБойко Йорданов Бадев.
257 _aBGR
260 В. Търново
_bПраксис
_c2009
_fСофия : Артграф
300 _a160 с.
_c20 см
380 _aX
500 _aСъдържа и За автора / Деворина Гамалова. Съдържание : Смъртта на Анибал Барка ; Архимед и робите ; Свети Георги Софийски
653 _aпоеми
659 _aН
852 _aЦб 252476
856 4 _qpdf
_u
856 4 _qpdf
_u
942 _cKNG
_n0
944 _aCR
_c16.08.2011
_lф /
_kЛюдмила_Стоянова
944 _aED
_c09.11.2012
_lф /
_k
999 _c38177
_d38177